<?xml version="1.0" encoding="UTF-8"?><?xml-stylesheet type="text/xsl" href="static/style.xsl"?><OAI-PMH xmlns="http://www.openarchives.org/OAI/2.0/" xmlns:xsi="http://www.w3.org/2001/XMLSchema-instance" xsi:schemaLocation="http://www.openarchives.org/OAI/2.0/ http://www.openarchives.org/OAI/2.0/OAI-PMH.xsd"><responseDate>2026-06-01T12:31:34Z</responseDate><request verb="GetRecord" identifier="oai:riuma.uma.es:10630/31855" metadataPrefix="marc">https://riuma.uma.es/rest/oai/request</request><GetRecord><record><header><identifier>oai:riuma.uma.es:10630/31855</identifier><datestamp>2026-02-03T12:00:40Z</datestamp><setSpec>com_10630_2254</setSpec><setSpec>col_10630_37959</setSpec></header><metadata><record xmlns="http://www.loc.gov/MARC21/slim" xmlns:dcterms="http://purl.org/dc/terms/" xmlns:doc="http://www.lyncode.com/xoai" xmlns:xsi="http://www.w3.org/2001/XMLSchema-instance" xsi:schemaLocation="http://www.loc.gov/MARC21/slim http://www.loc.gov/standards/marcxml/schema/MARC21slim.xsd">
   <leader>00925njm 22002777a 4500</leader>
   <datafield ind2=" " ind1=" " tag="042">
      <subfield code="a">dc</subfield>
   </datafield>
   <datafield ind2=" " ind1=" " tag="720">
      <subfield code="a">Díaz-Muñoz, Rocío</subfield>
      <subfield code="e">author</subfield>
   </datafield>
   <datafield ind2=" " ind1=" " tag="720">
      <subfield code="a">Andrés-Reina, María Paz</subfield>
      <subfield code="e">author</subfield>
   </datafield>
   <datafield ind2=" " ind1=" " tag="260">
      <subfield code="c">2024</subfield>
   </datafield>
   <datafield ind2=" " ind1=" " tag="520">
      <subfield code="a">La metodología de Aula Invertida puede ofrecer una solución efectiva al desarrollo de la docencia en un entorno de IA. Este enfoque pedagógico involucra al alumnado en actividades de aprendizaje activo fuera del aula para, posteriormente, utilizar el tiempo en clase para actividades prácticas y resolución de problemas, así como brindar orientación y apoyo.&#xd;
El objetivo de este trabajo es integrar la IA con la metodología de Aula Invertida para mejorar la experiencia de aprendizaje y la motivación del alumnado universitario. &#xd;
La metodología de Aula Invertida propone darle la vuelta al modelo tradicional. Normalmente, distingue dos momentos. El primero, fuera de clase, requerirá el trabajo previo del alumnado, con el material proporcionado y con los recursos que pone a su disposición la IA. El segundo, en clase, donde el profesorado orienta y promueve la colaboración y la participación activa, procurando el uso eficiente del tiempo de clase para profundizar en el tema. &#xd;
El método de Aula Invertida en combinación con la IA podría mejorar la calidad de la enseñanza, el aprendizaje y la motivación del alumnado, destacando su papel cada vez más activo en el proceso de enseñanza-aprendizaje, ya que permite adaptar el contenido y actividades de aprendizaje a las preferencias individuales y trabajar a su propio ritmo, promueve una participación más activa y asegura la comprensión del tema, dado el trabajo previo realizado. El papel direccionador del docente fomenta un análisis crítico del contenido de IA y facilita habilidades para expresarse con eficacia y precisión.</subfield>
   </datafield>
   <datafield ind1="8" ind2=" " tag="024">
      <subfield code="a">https://hdl.handle.net/10630/31855</subfield>
   </datafield>
   <datafield tag="653" ind2=" " ind1=" ">
      <subfield code="a">Aulas invertidas</subfield>
   </datafield>
   <datafield tag="653" ind2=" " ind1=" ">
      <subfield code="a">Enseñanza - Innovaciones</subfield>
   </datafield>
   <datafield ind2="0" ind1="0" tag="245">
      <subfield code="a">Integración de la Inteligencia Artificial y Aula Invertida en la Educación Superior.</subfield>
   </datafield>
</record>
</metadata></record></GetRecord></OAI-PMH>